6'0+ (182cm+) Footballers Sudden Death - Statistics

General Stats
  • This quiz has been taken 101 times
  • The average score is 4 of 16
Answers on the Grid
Answers color-coded by a green-red scale on the quiz's grid according to % correct below.
Cristiano Ronaldo
Lionel Messi
Kylian Mbappe
Kevin De Bruyne
Kai Havertz
Jamal Musiala
Lamine Yamal
Achraf Hakimi
David Raya
Valverde
Trent Alexander-Arnold
Robin Van Persie
Arjen Robben
Mesut Ozil
Luis Suarez
Carles Puyol
Gareth Bale
Ronaldinho
Frank Lampard
Toni Kroos
Marco Reus
Diego Forlan
Declan Rice
Nuno Mendes
Dejan Kulusevski
Luke Shaw
Alphonso Davies
Kenan Yildiz
Hakan Çalhanoğlu
Ruben Neves
Francesco Totti
Julian Brandt
 
Answer Stats
Answer % Correct
Cristiano Ronaldo
64%
Robin Van Persie
40%
Declan Rice
36%
Kai Havertz
34%
David Raya
30%
Gareth Bale
28%
Luis Suarez
23%
Toni Kroos
17%
Valverde
17%
Alphonso Davies
13%
Dejan Kulusevski
13%
Jamal Musiala
11%
Frank Lampard
9%
Julian Brandt
9%
Kenan Yildiz
9%
Ronaldinho
9%
No matching quizzes found
Score Distribution
Percent of People with Each Score
Percentile by Number Answered
Your Score History
You have not taken this quiz